Charisma and social structure : a study of love and power, wholeness and transformation /

Bibliographic Details
Main Author: Bradley, Raymond Trevor
Format: Book
Language:English
Published: New York : Paragon House, [1987]
Subjects:

MARC

Tag First Indicator Second Indicator Subfields
LEADER 00000cam a2200000 a 4500
001 in00000013828
005 20151007052436.0
008 861202s1987 nyua b 00110 eng
010 |a  86030461  
020 |a 0913729035 
035 |a (OCoLC)15016778 
035 |9 AAA7798AM 
040 |a DLC  |c DLC  |d TXA  |d UtOrBLW 
049 |a TXAM  |c [A11463179] 
050 0 0 |a HM141  |b .B825 1987 
082 0 |a 303.3/4  |2 19 
100 1 |a Bradley, Raymond Trevor. 
245 1 0 |a Charisma and social structure :  |b a study of love and power, wholeness and transformation /  |c Raymond Trevor Bradley. 
264 1 |a New York :  |b Paragon House,  |c [1987] 
264 4 |c ©1987 
300 |a xxxi, 365 pages :  |b illustrations ;  |c 24 cm. 
336 |a text  |b txt  |2 rdacontent 
337 |a unmediated  |b n  |2 rdamedia 
338 |a volume  |b nc  |2 rdacarrier 
504 |a Bibliography: pages 337-354. 
500 |a Includes index. 
650 0 |a Leadership. 
650 0 |a Social structure. 
650 0 |a Power (Social sciences) 
999 |a MARS 
999 f f |s c8359c18-7187-3fb9-a9b0-e5254c959130  |i aca7be2c-c5e7-377d-bfd6-1e14bba83d2e  |t 0 
952 f f |p ric  |a Texas A&M University  |b Rellis Campus  |c Joint Library Facility  |d Remote Storage  |t 0  |e HM141 .B825 1987  |h Library of Congress classification  |i unmediated -- volume  |m A14811463179 
998 f f |a HM141 .B825 1987  |t 0  |l Remote Storage